[Event "YUG-chT"]
[Site "Budva"]
[Date "1996.??.??"]
[Round "1"]
[White "Sakaev, Konstantin"]
[Black "Kharlov, Andrei"]
[Result "1/2-1/2"]
[WhiteElo "2560"]
[BlackElo "2575"]
[Annotator "Belov"]
[PlyCount "117"]
[EventDate "1996.??.??"]
[EventType "team"]
[EventRounds "6"]
[EventCountry "YUG"]
[SourceTitle "CBM 053 ext"]
[Source "ChessBase"]
[SourceDate "1996.09.01"]
[SourceVersion "1"]
[SourceVersionDate "1996.09.01"]
[SourceQuality "1"]

1. d4 d5 2. Nf3 Nf6 3. c4 dxc4 4. Nc3 e6 5. e4 Bb4 6. Bg5 c5 7. Bxc4 cxd4 8.
Nxd4 Nbd7 (8... Bxc3+ 9. bxc3 Qa5 (9... Nbd7 10. O-O Qa5)) 9. O-O Bxc3 10. bxc3
Qa5 11. Bh4 (11. Bxf6 Nxf6 12. Bb5+ Bd7 13. Rb1 Rd8 (13... Bxb5 14. Rxb5 {
(Ftacnik,L-Mikhalchishin,A/GER/1994/0,5/23/} Qc7 15. Qb3 b6 $10 {Ftacnik/}) 14.
e5 Nd5 15. c4 Ne7 $10 {Lputian,S-Yusupov,A/URS-ch/1987/0;1/29/}) (11. Be3 O-O
12. Qc2 Ng4 13. Qe2 Nxe3 14. Qxe3 Nb6 15. Bb3 Bd7 16. f4 Rac8 17. Rac1 $14 {
Barlov,D-Dejkalo,S/Dubai olm/1986/1:0/40/}) 11... O-O (11... a6 12. Re1 O-O 13.
Bb3 Qh5 14. Qxh5 Nxh5 15. Be7 Re8 16. Bd6 h6 17. Bd1 g6 18. e5 $16 {
Zakharevich,I-Sher,M/RUS-ch/1995/1:0/42/}) 12. Re1 (12. Qe2 Qc5 13. Rad1 b6 14.
Kh1 Bb7 15. f3 $14 {Vyzmanavin,A-Huzman,A/URS/1987/}) 12... Ne5 (12... Qc5 13.
Qe2 b6 14. Rad1 Bb7 15. Nxe6 fxe6 16. Bxe6+ Kh8 17. Bxd7 Nxe4 18. Rd4 $16 {
Vyzmanavin,A-Hertneck,G/CSKA-Bayer/1988/}) 13. Bf1 Bd7 14. Nb3 (14. Bxf6 gxf6
15. f4 Ng6 16. Qf3 Qc5 17. Kh1 Rac8 18. f5 Ne5 19. Qg3+ Kh8 20. Qh4 Qe7 $10)
14... Qd8 15. Bg3 Ng6 16. Bd6 Re8 17. e5 $14 Nd5 18. c4 Nde7 19. Nd4 Nf5 20.
Nxf5 exf5 21. Qf3 Qc8 (21... b6 22. Bd3 Qc8 23. c5 bxc5 24. Rac1 $40) 22. c5
Bc6 (22... Be6 23. Rec1 Qc6 24. Qxc6 bxc6 25. Ba6 Bd5 26. Rcb1 $16) 23. Qb3 $1
f4 24. Bc4 Re6 $8 (24... Qd7 25. e6 $18) 25. f3 Qd7 26. Bxe6 fxe6 $14 (26...
Qxe6 27. Qxe6 fxe6 28. Rab1 Bd5 29. Rb4 Rd8 30. Kf2 Rd7 31. a4 Rf7 32. a5 a6
33. Rb6 h6 34. Rc1 Kh7 35. c6 Bxc6 36. Rcxc6 bxc6 37. Rxa6 $16) 27. g3 Qf7 28.
Rad1 Re8 (28... fxg3 29. hxg3 Qxf3 (29... Bxf3 30. Re3 Bd5 31. Rxd5 (31. Qd3
Qd7 32. Rf1 Qa4 $132) 31... exd5 32. e6 Qf5 33. e7 Re8 34. Qxb7 $40) 30. Qxf3 (
30. Qxe6+ Kh8 31. Qh3 Nf4 32. Qh2 Nh5 $13) 30... Bxf3 31. Re3 Bd5 32. a3 $14)
29. Rd4 Qf5 (29... fxg3 30. hxg3 Qxf3 (30... Bxf3 $2 31. Rf1 Bd5 32. Rxf7 Bxb3
33. Rxb7 Bxa2 34. c6 $18) 31. Qxf3 Bxf3 32. a4 Bc6 33. a5 a6 $14) 30. Qd3 Qg5 (
30... Qxd3 31. Rxd3 $16) 31. Kf2 $8 (31. Kg2 $2 Nh4+ 32. Kf2 Nxf3 $17) 31...
Qh5 32. Kg2 (32. Kg1 fxg3 33. hxg3 Bxf3 $36) 32... Qg4 33. Ree4 $1 (33. Kf2 Qh3
$36 (33... Bxf3 34. Qxf3 fxg3+ 35. Ke3 $18)) 33... Qf5 (33... Nh4+ 34. Kf2 $18)
(33... Bxe4 34. Qxe4 Qg5 35. Qxb7 $16) 34. Qe2 h6 35. Rxf4 $1 (35. gxf4 Rd8 36.
Rb4 Rd7 37. Kh1 Rf7 $36) 35... Nxf4+ 36. Rxf4 Qb1 $44 37. Rd4 (37. h3 Rd8 38.
Kh2 $14) 37... Rd8 38. Rd1 Qb4 39. h3 Rd7 40. Qd2 $6 (40. Kh2 Rf7 41. f4 $10)
40... Qa3 (40... Qxd2+ 41. Rxd2 Rf7 42. Rd3 g5 43. Kf2 Kg7 44. Re3 Kg6 45. Ke2
Bb5+ 46. Kd2 Bc6 $10) 41. Qe2 Rf7 42. Rd3 Qc1 $132 43. Re3 Bd5 44. a3 a6 45.
Kh2 Bc4 $6 (45... Bc6 $10) 46. Qf2 Qd1 47. f4 Bd5 48. Re1 Qd3 (48... Qa4 $142)
49. Qe3 $1 Qc4 50. Rd1 $1 Qc2+ 51. Rd2 Qc4 52. Rd4 Qb5 (52... Qc2+ 53. Qd2 Qb1
54. Rxd5) 53. Rxd5 $1 $36 exd5 54. e6 Rf6 55. e7 Kf7 56. Qe5 Ke8 (56... Qc6 57.
Qh5+ g6 58. Qxh6 $18) 57. Qh5+ g6 $8 58. Qe5 (58. Qxh6 Qe2+ 59. Kg1 Qe1+ $10)
58... Qf1 $1 (58... Kf7 59. Qxd5+ Re6 60. g4 $16) 59. Qxf6 (59. Qe3 Re6 60.
Qxe6 Qf2+ $10) 1/2-1/2

[Event "YUG-chT"]
[Site "Budva"]
[Date "1996.??.??"]
[Round "6"]
[White "Kharlov, Andrei"]
[Black "Barlov, Dragan"]
[Result "0-1"]
[WhiteElo "2575"]
[BlackElo "2460"]
[PlyCount "64"]
[EventDate "1996.??.??"]
[EventType "team"]
[EventRounds "6"]
[EventCountry "YUG"]
[SourceTitle "CBM 053 ext"]
[Source "ChessBase"]
[SourceDate "1996.09.01"]
[SourceVersion "1"]
[SourceVersionDate "1996.09.01"]
[SourceQuality "1"]

1. e4 c5 2. Nf3 e6 3. b3 a6 4. Bb2 Nc6 5. c4 d6 6. d4 cxd4 7. Nxd4 Nf6 8. Nxc6
bxc6 9. e5 dxe5 10. Qxd8+ Kxd8 11. Bxe5 Bb4+ 12. Ke2 Ke7 13. g3 Rd8 14. Bg2 Bb7
15. Bc3 a5 16. a3 Bc5 17. h3 Rd7 18. Nd2 Bd4 19. Bxd4 Rxd4 20. b4 Rad8 21. Rhd1
a4 22. Rac1 Ne8 23. Nb1 Ba6 24. Rxd4 Rxd4 25. Ke3 e5 26. Nd2 Nd6 27. Bxc6 Bxc4
28. Nxc4 Nxc4+ 29. Ke2 Nxa3 30. Bxa4 Rxb4 31. Rc7+ Kd6 32. Be8 Kxc7 0-1

[Event "YUG-chT"]
[Site "Niksic"]
[Date "1996.??.??"]
[Round "?"]
[White "Kharlov, Andrei"]
[Black "Dimitrov, Vladimir"]
[Result "1/2-1/2"]
[WhiteElo "2605"]
[BlackElo "2530"]
[PlyCount "26"]
[EventDate "1996.??.??"]
[EventType "team"]
[EventRounds "12"]
[EventCountry "YUG"]
[SourceTitle "EXT 2000"]
[Source "ChessBase"]
[SourceDate "1999.11.16"]
[SourceVersion "1"]
[SourceVersionDate "1999.11.16"]
[SourceQuality "1"]

1. e4 e6 2. d4 d5 3. Nc3 Bb4 4. Nge2 dxe4 5. a3 Bxc3+ 6. Nxc3 Nc6 7. d5 exd5 8.
Qxd5 Qe7 9. Bg5 Nf6 10. Bxf6 Qxf6 11. Qxe4+ Be6 12. Bb5 O-O 13. Bxc6 bxc6
1/2-1/2

[Event "YUG-chT"]
[Site "Niksic"]
[Date "1996.??.??"]
[Round "?"]
[White "Kharlov, Andrei"]
[Black "Goldin, Alexander"]
[Result "1-0"]
[WhiteElo "2605"]
[BlackElo "2570"]
[PlyCount "199"]
[EventDate "1996.??.??"]
[EventType "team"]
[EventRounds "12"]
[EventCountry "YUG"]
[SourceTitle "EXT 2000"]
[Source "ChessBase"]
[SourceDate "1999.11.16"]
[SourceVersion "1"]
[SourceVersionDate "1999.11.16"]
[SourceQuality "1"]

1. d4 Nf6 2. c4 e6 3. Nc3 Bb4 4. e3 c5 5. Nge2 cxd4 6. exd4 O-O 7. a3 Be7 8. d5
exd5 9. cxd5 Bc5 10. Na4 b6 11. b4 Bd6 12. Nec3 Be5 13. Be3 Bb7 14. Rc1 Na6 15.
Bc4 Rc8 16. Qd3 Nc7 17. O-O Ng4 18. f4 b5 19. Nxb5 Nxb5 20. Bxb5 Qh4 21. h3
Nxe3 22. Qxe3 Rxc1 23. Qxc1 Bd4+ 24. Kh2 Bf2 25. Qd2 Qg3+ 26. Kh1 Be3 27. Qe1
Bxf4 28. Qxg3 Bxg3 29. Rd1 d6 30. Bc6 Bc8 31. Nc3 f5 32. Nb5 Rf7 33. Rd3 f4 34.
Nxd6 Rf8 35. Rd1 f3 36. Nxc8 Rxc8 37. gxf3 Kf7 38. Kg2 Bd6 39. Re1 Rd8 40. Re4
Be7 41. f4 Rd6 42. Kf3 Rh6 43. Bd7 Rd6 44. Be6+ Kf6 45. Bg8 Ra6 46. a4 Rd6 47.
Re5 h6 48. a5 g6 49. Re4 Rd7 50. b5 Kg7 51. Be6 Rc7 52. Ra4 Kf6 53. b6 Rc3+ 54.
Ke2 Bc5 55. bxa7 Bxa7 56. a6 Re3+ 57. Kd1 g5 58. fxg5+ hxg5 59. Kc2 Ke5 60. Kb2
Re2+ 61. Kb3 Re3+ 62. Kc4 Kd6 63. Ra1 Rf3 64. Rc1 Bc5 65. Ra1 Rf4+ 66. Kd3 Rf3+
67. Ke2 Rf2+ 68. Ke1 Rf8 69. Ra4 Bb6 70. Ra2 Bc5 71. Kd1 Rf1+ 72. Kc2 Rf2+ 73.
Kb3 Rf3+ 74. Kc4 Rf4+ 75. Kb5 Rb4+ 76. Ka5 Rb3 77. Rg2 Ra3+ 78. Kb5 Rb3+ 79.
Kc4 Rb4+ 80. Kd3 Ra4 81. Rxg5 Rxa6 82. Ke4 Ra1 83. Rg7 Re1+ 84. Kd3 Rg1 85.
Rd7+ Ke5 86. Kc4 Bd6 87. Rf7 Rc1+ 88. Kb5 Kd4 89. Rf2 Rc5+ 90. Kb6 Rc3 91. Rf6
Be5 92. Rg6 Bd6 93. h4 Rc1 94. Bf7 Bc7+ 95. Kb7 Bd8 96. Rg8 Bf6 97. h5 Be5 98.
Rg4+ Kc5 99. Rg5 Kd4 100. d6 1-0

[Event "YUG-chT"]
[Site "Niksic"]
[Date "1996.??.??"]
[Round "?"]
[White "Kharlov, Andrei"]
[Black "Ivanovic, Bozidar"]
[Result "1-0"]
[WhiteElo "2605"]
[BlackElo "2510"]
[PlyCount "67"]
[EventDate "1996.??.??"]
[EventType "team"]
[EventRounds "12"]
[EventCountry "YUG"]
[SourceTitle "EXT 2000"]
[Source "ChessBase"]
[SourceDate "1999.11.16"]
[SourceVersion "1"]
[SourceVersionDate "1999.11.16"]
[SourceQuality "1"]

1. e4 c5 2. c3 Nf6 3. d3 Nc6 4. f4 g6 5. Be2 Bg7 6. Nf3 O-O 7. O-O c4 8. Kh1 d6
9. Na3 cxd3 10. Bxd3 a6 11. Nc2 Nd7 12. Ne3 b5 13. Qe1 Rb8 14. Bd2 a5 15. Nd4
Na7 16. f5 Ne5 17. Bc2 e6 18. Qg3 Bd7 19. Bb3 Re8 20. a3 Nac6 21. fxe6 fxe6 22.
Nec2 Qc7 23. Bf4 Nd8 24. h4 Ndf7 25. h5 gxh5 26. Bxe5 Nxe5 27. Nf5 Ng4 28. Nxg7
Kxg7 29. Ne3 Kh8 30. Nxg4 hxg4 31. Rf7 Rg8 32. Bxe6 Rbd8 33. Qh4 Rg7 34. Rxg7
1-0

[Event "YUG-chT"]
[Site "Niksic"]
[Date "1996.??.??"]
[Round "?"]
[White "Kharlov, Andrei"]
[Black "Shcherbakov, Ruslan"]
[Result "1/2-1/2"]
[WhiteElo "2605"]
[BlackElo "2555"]
[PlyCount "87"]
[EventDate "1996.??.??"]
[EventType "team"]
[EventRounds "12"]
[EventCountry "YUG"]
[SourceTitle "EXT 2000"]
[Source "ChessBase"]
[SourceDate "1999.11.16"]
[SourceVersion "1"]
[SourceVersionDate "1999.11.16"]
[SourceQuality "1"]

1. d4 d5 2. Nf3 e6 3. Bf4 c5 4. e3 Nc6 5. Nc3 a6 6. Bd3 Bd6 7. dxc5 Bxf4 8.
exf4 Qa5 9. O-O Nf6 10. Ne2 Qxc5 11. c3 O-O 12. Ned4 Qd6 13. g3 Nxd4 14. Nxd4
Re8 15. Re1 Bd7 16. Re3 e5 17. fxe5 Rxe5 18. Rxe5 Qxe5 19. Qe2 Qd6 20. f3 Re8
21. Qf2 Qe5 22. Nc2 h5 23. Re1 Qd6 24. Rxe8+ Bxe8 25. Qd4 Qe7 26. Kf2 Qe6 27.
Ne3 Bc6 28. a3 g6 29. Bc2 Nd7 30. Bb3 Qh3 31. Bxd5 Bxd5 32. Qxd5 Qxh2+ 33. Ng2
Nf6 34. Qxb7 h4 35. gxh4 Qd6 36. Qb3 Nh5 37. c4 Qc5+ 38. Ne3 Qd4 39. Kf1 Ng3+
40. Kg2 Ne2 41. Kf1 Qd2 42. Qb8+ Kh7 43. Qe8 Ng3+ 44. Kg1 1/2-1/2

[Event "YUG-chT"]
[Site "Niksic"]
[Date "1996.??.??"]
[Round "?"]
[White "Tseshkovsky, Vitaly"]
[Black "Kharlov, Andrei"]
[Result "1-0"]
[WhiteElo "2495"]
[BlackElo "2605"]
[PlyCount "59"]
[EventDate "1996.??.??"]
[EventType "team"]
[EventRounds "12"]
[EventCountry "YUG"]
[SourceTitle "EXT 2000"]
[Source "ChessBase"]
[SourceDate "1999.11.16"]
[SourceVersion "1"]
[SourceVersionDate "1999.11.16"]
[SourceQuality "1"]

1. e4 c5 2. Nf3 Nc6 3. Nc3 d6 4. d4 cxd4 5. Nxd4 Nf6 6. Bc4 Qb6 7. Nb3 e6 8.
Be2 Be7 9. g4 a6 10. g5 Nd7 11. Bf4 Qc7 12. Qd2 Nce5 13. Bg3 O-O 14. f4 Nc4 15.
Bxc4 Qxc4 16. f5 Ne5 17. Bxe5 dxe5 18. f6 Bb4 19. O-O-O b5 20. a3 Bxc3 21. Qxc3
Qxc3 22. bxc3 h6 23. Rhg1 Kh7 24. gxh6 gxf6 25. Rg7+ Kh8 26. Nc5 Rb8 27. Rdg1
Bb7 28. Nd7 Bxe4 29. Nxf6 Bf5 30. R1g5 1-0

[Event "RUS-ch"]
[Site "Elista"]
[Date "1996.??.??"]
[Round "1"]
[White "Varavin, Viktor"]
[Black "Kharlov, Andrei"]
[Result "1/2-1/2"]
[WhiteElo "2520"]
[BlackElo "2605"]
[Annotator "Rechlis,G"]
[PlyCount "65"]
[EventDate "1996.10.15"]
[EventType "swiss"]
[EventRounds "11"]
[EventCountry "RUS"]
[SourceTitle "CBM 056"]
[Source "ChessBase"]
[SourceDate "1997.02.01"]
[SourceVersion "1"]
[SourceVersionDate "1997.02.01"]
[SourceQuality "1"]

1. e4 c5 2. Nf3 Nc6 3. d4 cxd4 4. Nxd4 Nf6 5. Nc3 d6 6. Bc4 Qb6 7. Ndb5 a6 8.
Be3 Qa5 9. Nd4 e6 10. O-O Be7 11. f4 O-O 12. Kh1 $146 (12. Bb3 Bd7 13. f5 Nxd4
14. Bxd4 Rac8 15. Qe1 Qc7 16. Kh1 b5 17. e5 dxe5 18. Bxe5 Qc6 19. Rd1 exf5 20.
Qg3 Be6 21. Nd5 Bxd5 22. Rxd5 Rcd8 23. Rxd8 Rxd8 24. h3 Qe4 25. Re1 Qc6 26. Bc3
Nh5 27. Qe3 Bh4 28. Bd5 Qd7 29. Rd1 Ng3+ 30. Kg1 Ne4 31. Qf3 b4 32. Be5 g6 33.
Rd3 Qe7 34. Bxe4 Qxe5 35. Rxd8+ Bxd8 36. Bd3 Bb6+ $17 {Kindermann,S-Hjartarson,
J/Thessaloniki olm 1984/1-0 (55)}) 12... Nxd4 13. Bxd4 e5 14. Be3 Be6 15. Bb3 (
15. Bxe6 fxe6 16. f5 exf5 17. Rxf5 $14) 15... exf4 16. Rxf4 Nd7 17. Nd5 (17.
Bxe6 $142 fxe6 18. Qg4 Rxf4 (18... Qe5 $6) 19. Bxf4 Nf8 20. Rf1 $1 $14) 17...
Bg5 $1 18. Rf3 Bxd5 19. Bxd5 Bxe3 20. Rxe3 Rab8 21. Rg3 g6 22. Qh5 Kg7 23. Qg5
Qd8 24. Qd2 Ne5 25. Rf1 b5 26. Qd4 Qb6 27. Qd2 Qd8 28. Rf5 h6 29. Rh3 h5 30.
Rg3 h4 31. Rh5 hxg3 32. Qh6+ Kf6 33. Qg5+ 1/2-1/2

[Event "RUS-ch"]
[Site "Elista"]
[Date "1996.??.??"]
[Round "3"]
[White "Shariyazdanov, Andrey"]
[Black "Kharlov, Andrei"]
[Result "1/2-1/2"]
[WhiteElo "2470"]
[BlackElo "2605"]
[Annotator "King,D"]
[PlyCount "34"]
[EventDate "1996.10.15"]
[EventType "swiss"]
[EventRounds "11"]
[EventCountry "RUS"]
[SourceTitle "CBM 056"]
[Source "ChessBase"]
[SourceDate "1997.02.01"]
[SourceVersion "1"]
[SourceVersionDate "1997.02.01"]
[SourceQuality "1"]

1. d4 d5 2. c4 e6 3. Nc3 Nf6 4. cxd5 exd5 5. Bg5 c6 6. e3 Bf5 7. Qf3 Bg6 8.
Bxf6 Qxf6 9. Qxf6 gxf6 10. O-O-O Nd7 11. h4 {The most disruptive idea
available to White. Black is faced with a dilemma: should he block the h-pawn
with ...h5, but risk that it will become weak, or should he allow the bishop
to be dislodged from its secure position?} Nb6 12. h5 Bf5 13. Nf3 Bg4 (13...
Nc8 $5 14. Nh4 Be6 15. Bd3 Nd6 {with the idea ...f5, ...Rg8 etc.}) 14. Be2 Bxf3
15. gxf3 h6 16. Bd3 Bd6 17. f4 Nc8 {If I were White I would want to play on
for a while starting with 18 Rhg1} 1/2-1/2

[Event "RUS-ch"]
[Site "Elista"]
[Date "1996.??.??"]
[Round "4"]
[White "Kharlov, Andrei"]
[Black "Lastin, Alexander"]
[Result "1/2-1/2"]
[WhiteElo "2605"]
[BlackElo "2495"]
[PlyCount "62"]
[EventDate "1996.10.15"]
[EventType "swiss"]
[EventRounds "11"]
[EventCountry "RUS"]
[SourceTitle "CBM 056"]
[Source "ChessBase"]
[SourceDate "1997.02.01"]
[SourceVersion "1"]
[SourceVersionDate "1997.02.01"]
[SourceQuality "1"]

1. e4 c6 2. d4 d5 3. exd5 cxd5 4. c4 Nf6 5. Nc3 e6 6. Nf3 Bb4 7. cxd5 Nxd5 8.
Qc2 Nc6 9. Be2 Be7 10. O-O O-O 11. Rd1 Qa5 12. a3 Rd8 13. b4 Ndxb4 14. axb4
Qxa1 15. Qb3 Rxd4 16. Nxd4 Nxd4 17. Rxd4 Qxc1+ 18. Rd1 Qf4 19. g3 Qe5 20. Bf3
g6 21. Qc4 Rb8 22. Nb5 Kg7 23. Nxa7 b5 24. Qd3 Bb7 25. Bxb7 Rxb7 26. Nc6 Qc7
27. Nxe7 Qxe7 28. Qc3+ Qf6 29. Qc6 Rb8 30. h4 Qe5 31. Kg2 h5 1/2-1/2

[Event "RUS-ch"]
[Site "Elista"]
[Date "1996.??.??"]
[Round "5"]
[White "Kharlov, Andrei"]
[Black "Zakharevich, Igor"]
[Result "1/2-1/2"]
[WhiteElo "2605"]
[BlackElo "2485"]
[PlyCount "74"]
[EventDate "1996.10.15"]
[EventType "swiss"]
[EventRounds "11"]
[EventCountry "RUS"]
[SourceTitle "CBM 056"]
[Source "ChessBase"]
[SourceDate "1997.02.01"]
[SourceVersion "1"]
[SourceVersionDate "1997.02.01"]
[SourceQuality "1"]

1. e4 e6 2. d4 d5 3. e5 c5 4. c3 Nc6 5. Nf3 Bd7 6. dxc5 Bxc5 7. b4 Bb6 8. b5
Na5 9. Bd3 Qc7 10. Qe2 Nc4 11. Bxc4 dxc4 12. Nbd2 Bxb5 13. Ne4 Bc5 14. a4 Bc6
15. Nxc5 Bxf3 16. Qxf3 Qxc5 17. O-O Qd5 18. Qe2 Ne7 19. Ba3 Qd3 20. Qg4 h5 21.
Qg5 Nf5 22. Bb4 Rd8 23. h3 Qe4 24. Rfe1 Qc6 25. a5 Rh6 26. f3 Rg6 27. Qxh5 Rd2
28. Qh8+ Kd7 29. Re2 Qd5 30. Qf8 Rxe2 31. Qxf7+ Kd8 32. Qxg6 Ne3 33. Kh1 Rxg2
34. Qf7 Rh2+ 35. Kg1 Rg2+ 36. Kh1 Rh2+ 37. Kg1 Rg2+ 1/2-1/2

[Event "RUS-ch"]
[Site "Elista"]
[Date "1996.??.??"]
[Round "6"]
[White "Rustemov, Alexander"]
[Black "Kharlov, Andrei"]
[Result "1-0"]
[WhiteElo "2535"]
[BlackElo "2605"]
[Annotator "Ftacnik,L"]
[PlyCount "155"]
[EventDate "1996.10.15"]
[EventType "swiss"]
[EventRounds "11"]
[EventCountry "RUS"]
[SourceTitle "CBM 056"]
[Source "ChessBase"]
[SourceDate "1997.02.01"]
[SourceVersion "1"]
[SourceVersionDate "1997.02.01"]
[SourceQuality "1"]

1. d4 {Chekhov} d5 2. c4 dxc4 3. Nf3 Nf6 4. e3 e6 5. Bxc4 a6 6. O-O c5 7. e4
Nxe4 (7... b5 8. Bd3 Bb7 9. e5 Nd5 10. a4 (10. Bg5 {Chekhov} Qb6 11. dxc5 Bxc5
12. Nc3 h6 13. Bh4 Nd7 $15 {Avrukh,B-Baburin,A/Groningen/1995/0|1/44/}) 10...
b4 11. Nbd2 cxd4 12. Nb3 Nd7 (12... Nc6 $5) 13. Re1 Nc5 14. Nxc5 Bxc5 15. Ng5
Ne3 16. Nxe6 fxe6 17. fxe3 Qg5 18. e4 Qxe5 $13 {1/2-1/2 Geller,E-Keres,P/Bled 
(11) ;MCL 02 1961 (25)}) (7... cxd4 8. e5 Nfd7 9. Qxd4 Nc6 10. Qf4 Qc7 11. Re1
Ndxe5 12. Nxe5 Nxe5 13. Qxe5 Qxc4 14. Nc3 f6 15. Qh5+ g6 16. Qf3 Be7 17. Bh6
Qh4 18. Nd5 Kf7 19. Rac1 Qh5 20. Rc7 {1-0 Legky,N-Alet,J/Metz op (01) ;TD
94\02 1994}) (7... cxd4 $5 {Chekhov}) 8. d5 $5 (8. Qe2 Nf6 9. d5 b5 10. dxe6
fxe6 (10... bxc4 11. Rd1 Qb6 12. exf7+ Kxf7 13. Ng5+ Kg6 14. Rd5 Nxd5 15. Qe8+
Kf5 16. g4+ Kxg4 17. Qxc8+ Kh5 18. Qe8+ g6 19. Qe2+ Kh6 20. Qe5 {1-0 Trofimov,
S-Metlyakhin,D/RUS-chT Moscow (05) ;EXP 45 1994}) 11. Bxe6 Qe7 12. Ng5 Bxe6 13.
Nxe6 Kf7 14. Re1 Ra7 15. Bf4 Nc6 16. Nc3 Nd4 17. Ng5+ Kg8 {Halkias,S-Fanouraki,
N/Aegina op (05) ;EXT 96op2 1996/1-0 (28)}) 8... e5 {N/} (8... b5 9. dxe6 bxc4
(9... Qxd1 10. exf7+ Ke7 11. Rxd1 bxc4 12. Re1 Bf5 13. Nc3 $16) 10. exf7+ Ke7
11. Qe1 Qd3 12. Nc3 Bf5 13. Ng5 $16) (8... exd5 9. Bxd5 Nd6 10. Re1+ Be7 11.
Bg5 $40 (11. Bg5 {Chekhov} f6 12. Bf4 $16)) (8... Nd6 {Chekhov} 9. dxe6 Bxe6 (
9... fxe6 10. Bd3 Be7 11. Qc2 Nf5 12. Rd1 Qc7 13. Bxf5 exf5 14. Nc3 Be6 15. Re1
Bf7 16. Qxf5 O-O 17. Bf4 $16 {Kluger-Szili/HUN/1959/}) 10. Bxe6 fxe6 11. Re1
$44) 9. Re1 Nd6 10. Nxe5 Be7 11. Bd3 h6 (11... O-O 12. Qc2 g6 (12... h6 {
Chekhov} 13. Qxc5 $16) 13. Qxc5 $16) 12. Qh5 Kf8 (12... O-O 13. Nc3 (13. Bxh6
$6 gxh6 14. Qxh6 Bf5 15. Re3 Bg5 16. Rg3 f6 $13) 13... Nd7 14. Bxh6 gxh6 15.
Qxh6 $18) 13. Nc3 Nd7 14. Bf4 Nf6 (14... Nxe5 15. Bxe5 b5 16. Rad1 $16) 15. Qf3
g5 (15... g6 $2 {Chekhov} 16. Bxg6 $1 $18) 16. Bg3 Kg7 17. Re3 h5 {Black is
already exposed after artificial castling, so he doesn't mind further
concessions. Schwarz steht aufgrund der künstlichen Rochade ohnehin schon
exponiert, daher macht er sich keine Gedanken über weitere Schwächen.} (17...
Rf8 18. Rae1 $16) 18. h3 g4 19. Qf4 (19. hxg4 hxg4 20. Qf4 Nh5) 19... Nfe8 (
19... gxh3 20. gxh3 Bxh3 21. Rae1 $40) (19... h4 20. Bxh4 Nh5 21. Bxe7 Qxe7 22.
Qh2 $18) 20. Ne4 h4 (20... f6 21. Ng6 $1 Nf5 22. Nxh8 Nxe3 23. Qxe3 $18) (20...
gxh3 21. gxh3 Nf5 22. Kh1 $40) 21. Bh2 gxh3 22. gxh3 Nf5 (22... Nxe4 $4 {
Chekhov} 23. Qxf7+ $18) 23. Kh1 $1 (23. Rf3 Rg8) 23... Kf8 (23... Nxe3 $2 24.
Qxf7+ Kh6 25. Qg6#) (23... Qxd5 24. Rg1+ Kf8 25. Bc4 Qd4 26. Bxf7 $18) 24. Rg1
Neg7 $2 {In the defence it is not always possible to avoid all dangers. Es ist
nicht immer möglich, bei der Verteidigung alle Drohungen zu parieren.} (24...
Rg8 25. Rxg8+ Kxg8 26. Re1 $40) 25. d6 $1 Bxd6 (25... Bf6 26. Nxf6 Qxf6 27. d7
$18) (25... Nxd6 $4 {Chekhov} 26. Nxd6 Bxd6 27. Qxf7#) 26. Nxd6 Qxd6 27. Rxg7
$1 Kxg7 28. Bxf5 Bxf5 29. Qxf5 Qd1+ (29... Raf8 30. Qg5+ Kh7 31. Qxh4+ $18) 30.
Kg2 Qh5 (30... Qd5+ {Chekhov} 31. Rf3 $18) 31. Qc2 (31. Qf4 $5 {Chekhov}) 31...
Rae8 32. Qc3 (32. Qxc5 Qg5+ 33. Kf1 Rc8 34. Qd4 $18) 32... f6 33. Ng4 Qd5+ (
33... Qg5 34. Rf3 Re6 35. Bf4 Qg6 36. Qxc5 $18) 34. Rf3 Re6 35. Nxf6 Qd4 (35...
Qg5+ 36. Ng4+ Kg8 37. Qc4 $18) 36. Qxd4 {Surely sufficient, but white could
have saved some technical work. Sicher ausreichend, aber Weiß hätte sich
einige technische Arbeit sparen können.} (36. Nd7 $1 Qxc3 37. Rxc3 $18) 36...
cxd4 37. Ng4 Rh5 (37... Rhe8 38. Rd3 $18) 38. Rd3 Rd5 39. Kf1 Re4 40. f3 Re8
41. Bg1 Red8 42. Bf2 Kg6 43. Bxh4 Rc8 (43... Rh8 {Chekhov} 44. Bf2 Rxh3 45. Kg2
Rh8 46. Rxd4 $18) 44. Be1 Rc1 (44... Rc2 45. Ne3 $18 (45. Rb3 $22 {Chekhov} d3
46. Rxd3 $1 Rxd3 47. Ne5+ Kf5 48. Nxd3 $18)) 45. Ke2 Rb1 (45... Rc2+ 46. Rd2
Rxd2+ 47. Bxd2 $18) 46. Rb3 (46. Rd2 d3+ 47. Kf1 Kg5 $16) 46... b5 (46... d3+ {
Chekhov} 47. Kd2 $18) 47. Bd2 Kf5 (47... d3+ {Chekhov} 48. Ke3 $18) 48. Nf2 Rc5
49. Kd3 Ke5 (49... Rf1 {Chekhov} 50. Ne4 (50. Kxd4 $5 Rxf2 (50... Rc4+ 51. Ke3
$18) 51. Kxc5 Rxd2 52. Kb6 Rd6+ 53. Ka5 $18) 50... Rxf3+ 51. Kxd4 Rc4+ 52. Kd5
Rxb3 53. Nd6+ Kg6 54. axb3 Rh4 55. b4 Rxh3 56. Bc3 $18) 50. Ng4+ Kd5 51. Nf6+
Ke6 (51... Ke5 $2 52. Nd7+ $18) 52. Ne4 (52. Kxd4 $4 {Chekhov} Rc4+ 53. Kd3
Kxf6) 52... Rc4 53. Ra3 (53. a4 $1 Rxa4 54. Nc5+ Kd5 55. Nxa4 bxa4 56. Rb4 $18)
53... Rxb2 54. Rxa6+ Ke7 (54... Kd5 55. Rd6+ Ke5 56. f4+ Kf5 57. Ng3# (57. Rf6#
{Chekhov})) (54... Kf5 55. Rf6+ Ke5 56. f4+ Kd5 57. Rd6#) 55. Ra7+ Ke6 56. Ra6+
Ke7 57. Ra7+ Ke6 58. f4 (58. h4 $5 {Chekhov} Rb1 59. h5 Rh1 60. h6 $18) 58...
Rc6 59. h4 Rb1 60. h5 Rh1 61. f5+ Ke5 (61... Kxf5 62. Ng3+ $18) 62. Re7+ Kd5 (
62... Kxf5 63. Ng3+ Kf6 64. Bg5+ Kxg5 65. Nxh1 Kxh5 66. Re2 $18 (66. Kxd4 $18 {
Chekhov})) 63. h6 (63. Bf4 $5 {Chekhov} Rh3+ 64. Bg3 Rh6 65. Rc7 $18) 63...
Rh3+ 64. Ke2 Ra6 65. f6 Rh2+ (65... Rxa2 66. f7 $18) 66. Kf1 (66. Kf3 {Chekhov}
Ra3+ 67. Kg4 Rg2+ 68. Kf4 Rh3 69. f7 $18) 66... Rxd2 (66... Rxa2 {Chekhov} 67.
f7 Ra1+ 68. Be1 $18) 67. f7 (67. Nxd2 Rxf6+ 68. Ke2 Rxh6 69. Ra7 $16 (69. Rd7+
{Chekhov} Kc5 70. Kd3 (70. Nb3+ Kc6 71. Ra7 Kb6 72. Ra8 Kb7 73. Ra3 $18) 70...
Rh3+ 71. Kc2 Kb4 72. Kb2 $18)) 67... Rd1+ 68. Ke2 Rh1 69. f8=Q Rxa2+ 70. Nd2 (
70. Kf3 $2 Rf1+) 70... Rh2+ 71. Kf1 Ra1+ (71... Raxd2 72. Qf5+ Kc4 73. Rc7+ Kb4
74. Qc5+ $18) 72. Re1 Rh1+ 73. Kf2 Raxe1 74. Qg8+ Kd6 75. h7 d3 (75... Rd1 76.
Nf3 $18) 76. h8=Q Re2+ 77. Kf3 Rxh8 78. Qxh8 (78. Qxh8 Rxd2 79. Qh6+ Kc5 80.
Qxd2 $18) 1-0